000 00396nam a22001457a 4500
003 OSt
005 20160727222353.0
008 160622b xxu||||| |||| 00| 0 eng d
040 _cTest
100 _9458
_aYolen, J
245 _aThe Robot and rebecca and the missing owser
260 _aUSA
_b Alfred A . Knopf, Inc.
_c1981
300 _aThe Robot and rebecca and the missing owser
942 _2ddc
_cBK
999 _c378
_d378